Web Analytics : An Hour a Day
Salvato in:
| Autore principale: | |
|---|---|
| Natura: | Libro |
| Lingua: | inglese |
| Pubblicazione: |
Indianapolis :
Wiley,
2007
|
| Soggetti: | |
| Tags: |
Nessun Tag, puoi essere il primo ad aggiungerne!!
|
MARC
| LEADER | 00000nam a22000003a 4500 | ||
|---|---|---|---|
| 001 | stu169327 | ||
| 005 | 20150617230030.2 | ||
| 008 | 080911s2007----xxu-----------------eng-d | ||
| 020 | |a 978-0-470-13065-0 | ||
| 040 | |a STU |b slo | ||
| 041 | 0 | |a eng | |
| 044 | |a xxu | ||
| 080 | |a 004.415.26 | ||
| 080 | |a 004.738.52 | ||
| 080 | |a 004.42 | ||
| 100 | 1 | |a Kaushik, Avinash |4 aut | |
| 245 | 1 | |a Web Analytics : |b An Hour a Day | |
| 260 | |a Indianapolis : |b Wiley, |c 2007 | ||
| 300 | |a 443 s | ||
| 650 | 7 | |a HTML |2 stusub | |
| 650 | 7 | |a programovacie jazyky |2 stusub | |
| 650 | 7 | |a programovanie |2 stusub | |
| 996 | |b 284EK87506 |c E*87506 |l EE30 |s P |a 0 |w stu169327_0001 | ||